Plateado electrolítico: técnicas modernas

Saved in:
Bibliografiske detaljer
Hovedforfatter: Rodríguez, Pedro Claudio (Author)
Format: Bog
Sprog:spansk
Udgivet: Buenos Aires Alsina 2000
Udgivelse:1a. ed
Serier:Auxiliar Técnico ALSINA, 3
Fag:
Tags: Tilføj Tag
Ingen Tags, Vær først til at tagge denne postø!

MARC

LEADER 00000cam a2200000 a 4500
001 UCC6707
003 CL-VaPUC
008 190103e20000000ag |||||||||||||||||spa|d
020 |a 9505530676 
082 0 4 |a 541.37  |b ROD  |2 21 
100 0 |a Rodríguez, Pedro Claudio  |e author  |9 601171 
245 1 0 |a Plateado electrolítico: técnicas modernas 
250 |a 1a. ed 
300 |a 57 p 
942 |c BK 
945 |d 20190103 17:32:00  |a dcastane 
260 |a Buenos Aires  |b Alsina  |c 2000 
650 0 |a Electroquímica  |9 263973 
650 7 |a ELECTROLISIS  |2 CL-VaPUC  |9 360639 
583 |a last modification  |c 20190103 17:32:00  |k Rodrigo Vera 
490 0 |a Auxiliar Técnico ALSINA, 3 
999 |c 373574  |d 373572 
952 |0 0  |1 0  |3 erb  |4 0  |6 541_370000000000000_ROD_2000  |7 0  |8 A  |9 491765  |a BIBING  |b BIBING  |i 5527007  |o 541.37 ROD 2000  |p 5527007  |r 2025-01-20  |w 2019-11-24  |y BK  |z Catalogado en:20190103  |k EIQ